| 000 | 01148nam a2200313 c 4500 | ||
|---|---|---|---|
| 003 | BLK | ||
| 005 | 20180422093958.0 | ||
| 008 | 180412b bul|||||r ||||||| ||bul|| | ||
| 010 | _aKNG00010017000 | ||
| 040 | _aBLK | ||
| 041 |
_aBUL _cBUL |
||
| 080 |
_aАмериканска литература (на САЩ) _b821.111(73) _x-31 _z821.111(73)-31 |
||
| 100 | 1 |
_aТръмп, Ивана _eпърви автор _9253683 |
|
| 700 | 1 |
_aВълова, Камелия _eпрев. _9364213 |
|
| 700 | 1 |
_aЙотов, Станимир _eпрев. _9364214 |
|
| 139 |
_aТръмп, Ивана _bТ 87 |
||
| 245 | 1 | 0 |
_aШампанско и диаманти _bРоман _cИвана Тръмп; прев. Камелия Вълова; прев. Станимир Йотов. |
| 257 | _aUSA | ||
| 260 |
_аСофия _bПрозорец _c1995 |
||
| 300 |
_a448 с. _c20 см |
||
| 380 | _aX | ||
| 490 | 1 | _aПоредица Блясък | |
| 500 | _aОриг. загл. Free to Love / Ivana Trump. - 5 000 тир. | ||
| 852 | _aЦб 184896 | ||
| 856 | 4 |
_qpdf _u |
|
| 856 | 4 |
_qpdf _u |
|
| 942 |
_cKNG _n0 |
||
| 944 |
_aCR _c15.01.2003 _kЛюдмила_Стоянова |
||
| 944 |
_aED _c15.07.2005 _k |
||
| 999 |
_c8657 _d8657 |
||